South Park Character Picture Quiz - Statistics

General Stats
  • This quiz has been taken 14,901 times
  • The average score is 15 of 20
Answer Stats
Picture Answer % Correct
Eric Cartman
98%
Kenny McCormick
97%
Chef
92%
Kyle Broflovski
92%
Stan Marsh
92%
Butters Stotch
90%
Timmy Burch
88%
Tolkien Black
80%
Jimmy Valmer
77%
Wendy Testaburger
76%
Ike Broflovski
74%
Randy Marsh
74%
Mr. Garrison
71%
Towelie
68%
Philip
62%
Craig Tucker
52%
Big Gay Al
49%
Officer Barbrady
49%
Professor Chaos
47%
Scott Tenorman
46%
No matching quizzes found
Score Distribution
Percent of People with Each Score
Percentile by Number Answered
Your Score History
You have not taken this quiz